000 00676cam a22002171 4500
001 af 48003745
003 DLC
005 20260227110904.0
008 860213s1945 ne 000 0 dut
010 _aaf 48003745
035 _a(OCoLC)23414055
040 _aDLC
_cMiU
_dDLC
042 _apremarc
050 0 0 _aD829.N2
_bS8
100 1 _aStempels, B. G.
245 1 0 _aNederland bevrijd!
_bWaarheen nu?
_c10 punten die de aandacht vragen. Open brief aan het Nederlandsche volk.
260 _aDen Haag,
_bZuid-Hollandsche Uitg. Mij
_c[1945]
300 _a35 p.
_c24 cm.
650 0 _aReconstruction (1939-1951)
_zNetherlands.
651 0 _aNetherlands
_xPolitics and government
999 _c5752
_d5752